000 00815aaa a2200229 a 4500
001 78538
003 BD-RjUL
005 20211209083136.0
008 211003s19601380ir ||||| |||| 001 p ara d
020 _a9644723708
035 _a(BD-RjUL)78764)
040 _aBD-RjUL
_beng
_cBD-RjUL
041 _aara
082 _223
_a891.55109
_bFAA 1960[1380]
100 1 _aفاضلي مهبود ;; Fāz̤ilī, Mahbūd.
_9248810
245 1 0 _aاشناي با شاعران كلاسيك ايران ;; Āshnāyī bā shāʻirān-i klāsīk-i Īrān /
_cمهبود فاضلي ;; Mahbūd Fāz̤ilī
260 _aTihrān :
_bIntishārāt-i Bayn al-Milalī-i al-Hudā,
_c1960
300 _a144 p. ;
_c22 cm.
650 _aPersian
_vpoetry
_9248811
650 _aPersian poetry
_vHistory and criticism.
_9248812
942 _2ddc
_cBK
999 _c78538
_d78538